| 000 | 00778cam a22002531 4500 | ||
|---|---|---|---|
| 999 |
_c127307 _d127307 |
||
| 001 | 8847577 | ||
| 003 | ARRUPE | ||
| 005 | 20180110111908.0 | ||
| 008 | 751112s1949 xx 000 0 fre | ||
| 010 | _a 52065856 | ||
| 035 | _a(OCoLC)1827459 | ||
| 040 |
_aDLC _cIDeKN _dOCoLC _dDLC |
||
| 042 | _apremarc | ||
| 050 | 0 | 0 |
_aBD701 _b.E38 |
| 100 | 1 |
_aEliade, Mircea, _d1907-1986. _938294 |
|
| 245 | 1 | 3 |
_aLe mythe de l'éternel retour; _carchétypes et répétition. |
| 260 |
_aParis _bGallimard _c1949 |
||
| 300 |
_a254 p. _c19 cm. |
||
| 490 | 0 |
_aLes Essais, _v34 |
|
| 504 | _aBibliography: p. [241]-254. | ||
| 650 | 0 |
_aCosmology _xCuriosa and Miscellany _938295 |
|
| 906 |
_a7 _bcbc _coclcrpl _du _encip _f19 _gy-gencatlg |
||
| 942 |
_2lcc _cMONOGRAPH |
||